The study of forestry sector's structure from 1980 until present; ការសិក្សាពីរចនាសម្ព័ន្ធរបស់វិស័យព្រៃឈើ ពីឆ្នំា១៩៨០ រហូតដល់បច្ចុប្បន្ន. (Record no. 3444)

000 -LEADER
fixed length control field 00628nam a22001337a 4500
040 ## - CATALOGING SOURCE
Transcribing agency RUA
082 ## - DEWEY DECIMAL CLASSIFICATION NUMBER
Classification number FOR CHO 2013 B141 Or.1
100 ## - MAIN ENTRY--AUTHOR NAME
Personal name CHOEURM SOPHAI
245 ## - TITLE STATEMENT
Title The study of forestry sector's structure from 1980 until present; ការសិក្សាពីរចនាសម្ព័ន្ធរបស់វិស័យព្រៃឈើ ពីឆ្នំា១៩៨០ រហូតដល់បច្ចុប្បន្ន.
260 ## - PUBLICATION, DISTRIBUTION, ETC. (IMPRINT)
Place of publication Phnom Penh
Name of publisher RUA
Year of publication 2013
300 ## - PHYSICAL DESCRIPTION
Number of Pages xii;55p.
Other physical details ill.
Dimensions 29cm.
856 ## - ELECTRONIC LOCATION AND ACCESS
Uniform Resource Identifier https://drive.google.com/file/d/1KI2llvNVhu3SKWNPk4_GZ7PvNWb4QrV8/view?usp=sharing
942 ## - ADDED ENTRY ELEMENTS (KOHA)
Koha item type FOR
952 ## - LOCATION AND ITEM INFORMATION (KOHA)
Withdrawn status [LOCAL, KOHA] 0
952 ## - LOCATION AND ITEM INFORMATION (KOHA)
Withdrawn status [LOCAL, KOHA] 0
952 ## - LOCATION AND ITEM INFORMATION (KOHA)
Withdrawn status [LOCAL, KOHA] 0
952 ## - LOCATION AND ITEM INFORMATION (KOHA)
Withdrawn status [LOCAL, KOHA] 0
952 ## - LOCATION AND ITEM INFORMATION (KOHA)
Withdrawn status [LOCAL, KOHA] 0
952 ## - LOCATION AND ITEM INFORMATION (KOHA)
Withdrawn status [LOCAL, KOHA] 0
952 ## - LOCATION AND ITEM INFORMATION (KOHA)
Withdrawn status [LOCAL, KOHA] 0
952 ## - LOCATION AND ITEM INFORMATION (KOHA)
Withdrawn status [LOCAL, KOHA] 0
Holdings
Permanent Location Date acquired Koha item type Lost status Shelving location Barcode Current Location Full call number
Library Block B2015-11-16FOR B141RUA027153Library Block BFOR CHO 2013 B141 Or.1
Library Block B2015-11-16FOR B141RUA027081Library Block BFOR CHO 2013 B141 Or.2
Library Block B2015-11-16FOR B141RUA027209Library Block BFOR CHO 2013 B141 Or.3
Library Block B2015-11-16FOR B141RUA027491Library Block BFOR CHO 2013 B141 Or.4
Library Block B2015-11-16FOR B141RUA027419Library Block BFOR CHO 2013 B141 Or.5
Library Block B2015-11-16FOR B141RUA027347Library Block BFOR CHO 2013 B141 Or.6
Library Block B2015-11-16FOR B141RUA027348Library Block BFOR CHO 2013 B141 Or.7
Library Block B2015-11-16FOR B141RUA027049Library Block BFOR CHO 2013 B141 Or.8
មជ្ឈមណ្ឌលឯការនៃសាកលវិទ្យាល័យភូមិន្ទកសិកម្មចំការដូង

Powered by Koha